000 00722nam a2200229Ia 4500
005 20220210114156.0
008 210716s2010 xx 000 0 und d
020 _a978019 8722533
040 _cAIMIT LIBRARY
041 _aeng
082 _a519.5
_22nd ed.
_bDAVG
100 _aDavis, Glyn.
_918928
245 _aBusiness statistics:
_busing excel /
_cBy Glyn Davis and Pecar, Branko.
250 _a2nd ed.
260 _aNew York :
_bOxford University Press ,
_c2010.
300 _axvii,486 p. ;
_c24 cm.
650 _aDaa descriptors
_918929
650 _aPrabability distributions
_918930
650 _aTime series data and analysis
_918931
700 _aPecar, Branko.
_918932
942 _2ddc
_cBK
_e2nd
_k519.5 DAVG
999 _c209430
_d209430